000 01235cam a22002891i 4500
003 SA-RiAUC
005 20251015075115.0
008 251007s1992 su g 000 0 ara c
040 _aSA-JeALM
_bara
_cSA-RiAUC
_erda
050 4 _b.M345 1992
050 4 _bH87 1992
082 0 4 _a250.9
090 _a250.9
_bح س ن
100 1 _aالحسني، محمد بن علوي المالكي،
_d1367-1425 هجري
_eمؤلف.
245 1 0 _aشريعة الله الخالدة :
_bدراسة في تاريخ تشريع الأحكام ومذاهب الفقهاء الأعلام /
_cتأليف محمد بن علوي بن عباس المالكي الحسني المكي.
250 _aالطبعة الثالثة.
264 3 _aالمدينة المنورة :
_bمطابع الرشيد
_c1992
300 _a256 صفحة ؛
_c23 سم
336 _aنص
_btxt
_2rdacontent
_3كتاب
337 _aبدون وسيط
_bn
_2rdamedia
338 _aمجلد
_bnc
_2rdacarrier
650 7 _aالفقه الإسلامي
_xتاريخ
_2aucsh
650 7 _aالفقه الإسلامي
_xمذاهب
_2aucsh
650 7 _aالشريعة الإسلامية
_2aucsh
942 _2ddc
_cBOOK
_n0
949 _aSA-JeALM
_d251007
_umohamedma123
_n1
999 _c12567
_d12567